[Event "It \"]
[Site "masterchessopen.com La Punta (Argentina)"]
[Date "2012.03.06"]
[Round "7"]
[White "Zambrana Oswaldo (BOL)"]
[Black "Martinez Ayesa Aitor (ESP)"]
[Result "1-0"]
[WhiteElo "2492"]
[BlackElo "1928"]

1.e4 c5 2.Nf3 d6 3.d4 cxd4 4.Nxd4 Nf6 5.Nc3 a6 6.Bg5 Nbd7 7.f4 Qc7 8.Qf3 h6
9.Bh4 g5 10.fxg5 hxg5 11.Bxg5 Qc5 12.Qe3 Ng4 13.Qd2 Nxh2 14.O-O-O Nf3 15.gxf3
Rxh1 16.Nd5 Rb8 17.Be3 Ne5 18.b4 Nc4 19.bxc5 Nxd2 20.Bxd2 Bg7 21.Nb3 Bd7
22.cxd6 exd6 23.Bb4 Rh6 24.Na5 Bc6 25.Nc4 Bf8 26.Nde3 Rf6 27.Nxd6+ Bxd6
28.Bxd6 Rc8 29.Nf5 Bd7 30.Bh3 Rg6 31.Ng7+ Kd8 32.Be5 {#r} 1-0

[Event "Memorial Pedro Lezcano Montalvo"]
[Site "masterchessopen.com Gran Canarian (Spain)"]
[Date "2012.03.19"]
[Round "6"]
[White "Menvielle Lacourrelle August (ESP)"]
[Black "Natalicchio Escalante Nicolas (ITA)"]
[Result "0-1"]
[WhiteElo "2232"]
[BlackElo "2260"]

1.e4 c5 2.Nf3 d6 3.d4 cxd4 4.Nxd4 Nf6 5.Nc3 a6 6.Bg5 Nbd7 7.f4 Qc7 8.Qf3 b5
9.Bd3 Bb7 10.O-O-O g6 11.Rhe1 Bg7 12.Qe2 e5 13.Nf3 O-O 14.Qd2 b4 15.Nb1 a5
16.a3 Nc5 17.Bc4 Nfxe4 18.Qe2 h6 19.Bh4 exf4 20.Bf2 Nxf2 21.Qxf2 Na4 {#R} 0-1

[Event "It \"]
[Site "masterchessopen.com Kecskemet (Hungary)"]
[Date "2012.03.21"]
[Round "5"]
[White "Groszpeter Attila (HUN)"]
[Black "Idani Pouya (IRI)"]
[Result "1-0"]
[WhiteElo "2490"]
[BlackElo "2448"]

1.e4 c5 2.Nf3 d6 3.d4 cxd4 4.Nxd4 Nf6 5.Nc3 a6 6.Bg5 Nbd7 7.Qe2 b5 8.O-O-O Bb7
9.Bxf6 Nxf6 10.f4 b4 11.Nd5 Nxd5 12.exd5 Qa5 13.Kb1 Bxd5 14.Nb3 Bxb3 15.axb3
e6 16.Qf3 d5 17.f5 Be7 18.fxe6 fxe6 19.Qh5+ g6 20.Qe5 Kd7 21.g3 Bd6 22.Qg7+
Kc6 23.Bh3 Rhe8 24.Rhe1 Qc7 25.Qd4 Qb6 26.Qf6 e5 27.Rxd5 Qd8 28.Qf1 Qe7
29.Red1 Red8 {#r} 1-0

[Event "Ch Hungary (juniors) (under 18)"]
[Site "masterchessopen.com Budapest (Hungary)"]
[Date "2012.04.04"]
[Round "1"]
[White "Bagi Mate"]
[Black "Egyed Gabor"]
[Result "1-0"]
[WhiteElo "2336"]
[BlackElo "1997"]

1.e4 c5 2.Nf3 d6 3.d4 cxd4 4.Nxd4 Nf6 5.Nc3 a6 6.Bg5 Nbd7 7.Bc4 g6 8.Qd2 Bg7
9.O-O-O Qc7 10.Bb3 O-O 11.h4 Nc5 12.Bxf6 exf6 13.Nd5 Nxb3+ 14.Nxb3 Qd8 15.Nd4
Re8 16.f3 Be6 17.Nxe6 fxe6 18.Ne3 Bh6 19.h5 Qb6 20.Rde1 d5 21.hxg6 Bg5 22.g3
f5 23.f4 d4 24.fxg5 hxg6 25.Qh2 e5 26.Qh8+ Kf7 27.Rh7+ Ke6 28.Qf6# 1-0

[Event "It (open)"]
[Site "masterchessopen.com Frydek-Mistek (Czech Republic)"]
[Date "2012.04.06"]
[Round "4"]
[White "Stukner Simon (CZE)"]
[Black "Bernasek Jan (CZE)"]
[Result "0-1"]
[WhiteElo "2136"]
[BlackElo "2464"]

1.e4 c5 2.Nf3 d6 3.d4 cxd4 4.Nxd4 Nf6 5.Nc3 a6 6.Bg5 Nbd7 7.f4 e5 8.Nf5 Qb6
9.Qd2 Qxb2 10.Rb1 Qa3 11.Bd3 h6 12.Bh4 exf4 13.O-O g6 14.Nd4 Bg7 15.Bf2 O-O
16.Nb3 Ng4 17.Nd5 Nxf2 18.Qxf2 Ne5 19.Qxf4 Nxd3 20.cxd3 Be6 21.Nc7 Rac8
22.Nxe6 fxe6 23.Qg4 Kh7 24.Qxe6 Qxa2 25.Kh1 Rc2 26.Nd4 Rxf1+ 27.Rxf1 Rf2 {#R}
0-1

[Event "It (open)"]
[Site "masterchessopen.com Skopje (Macedonia)"]
[Date "2012.04.08"]
[Round "2"]
[White "Kacakovski Dimitar (MKD)"]
[Black "Lazov Toni (MKD)"]
[Result "1-0"]
[WhiteElo "2128"]
[BlackElo "1798"]

1.e4 c5 2.Nf3 d6 3.d4 cxd4 4.Nxd4 Nf6 5.Nc3 a6 6.Bg5 Nbd7 7.Bc4 Qc7 8.Qe2 h6
9.Bh4 e6 10.O-O-O b5 11.Bb3 Bb7 12.Rhe1 b4 13.Nd5 Qa5 14.f4 exd5 15.exd5+ Kd8
16.Nc6+ Bxc6 17.dxc6 Nb6 18.Bxf6+ gxf6 19.Qe8+ Kc7 20.Re7+ Bxe7 21.Qxe7+ Kxc6
22.Rxd6+ Kb5 23.Rxf6 Rhe8 24.Rf5+ Kc6 25.Qf6+ Kb7 26.Qxf7+ {#r} 1-0

[Event "Ch France (juniors) (under 18) (g)"]
[Site "masterchessopen.com Nimes (France)"]
[Date "2012.04.16"]
[Round "4"]
[White "Monpeurt Cyrielle (FRA)"]
[Black "Neuhauser Salome (FRA)"]
[Result "0-1"]
[WhiteElo "2024"]
[BlackElo "2049"]

1.e4 c5 2.Nf3 d6 3.d4 cxd4 4.Nxd4 Nf6 5.Nc3 a6 6.Bg5 Nbd7 7.Bc4 g6 8.Qd2 h6
9.Bh4 Bg7 10.O-O-O Qc7 11.Bb3 b5 12.f4 Bb7 13.Rhe1 O-O 14.h3 Nc5 15.Nd5 Nxb3+
16.Nxb3 Bxd5 17.exd5 Rfc8 18.Re2 Qc4 19.Kb1 a5 20.Qd3 Qxf4 21.Bg3 Qg5 22.h4
Qg4 23.Rxe7 a4 24.Nc1 a3 25.b3 Rc5 26.Rde1 Nxd5 27.R1e4 Qxe4 28.Rxe4 Nc3+
29.Ka1 Nxe4+ 30.Kb1 Nc3+ 31.Ka1 Rd5 32.Qf3 Ne4+ {#R} 0-1

[Event "It (cat.6)"]
[Site "masterchessopen.com Budapest (Hungary)"]
[Date "2012.05.05"]
[Round "1"]
[White "Bagi Mate (HUN)"]
[Black "Rodriguez Lopez Rafael (ESP)"]
[Result "1-0"]
[WhiteElo "2336"]
[BlackElo "2266"]

1.e4 c5 2.Nf3 d6 3.d4 cxd4 4.Nxd4 Nf6 5.Nc3 a6 6.Bg5 Nbd7 7.Bc4 Qb6 8.Bb3 e6
9.Qd2 Be7 10.O-O-O Nc5 11.f3 O-O 12.Kb1 Qc7 13.g4 b5 14.a3 Rb8 15.h4 Bd7 16.h5
h6 17.Bxh6 Nxb3 18.cxb3 gxh6 19.Qxh6 Nh7 20.g5 Bxg5 21.Rdg1 d5 22.Rxg5+ Nxg5
23.Qxg5+ Kh7 24.Nf5 exf5 25.Nxd5 Qe5 26.Nf6+ Qxf6 27.Qxf6 Be6 28.exf5 Bxb3
{#r} 1-0

[Event "Ch Czech Republic"]
[Site "masterchessopen.com Kouty nad Desnou (Czech Republic)"]
[Date "2012.05.13"]
[Round "2"]
[White "Folkova Martina (CZE)"]
[Black "Kraus Tomas (CZE)"]
[Result "0-1"]
[WhiteElo "2136"]
[BlackElo "2142"]

1.e4 c5 2.Nf3 d6 3.d4 cxd4 4.Nxd4 Nf6 5.Nc3 a6 6.Bg5 Nbd7 7.f4 Qc7 8.Qf3 h6
9.Bxf6 Nxf6 10.h3 g5 11.fxg5 hxg5 12.g4 Bg7 13.O-O-O e6 14.Bg2 Nd7 15.Kb1 Qb6
16.Nce2 Ne5 17.Qb3 Qc5 18.Nf3 a5 19.Nxe5 Bxe5 20.Nd4 Bd7 21.c3 Ke7 22.Rhf1
Rhc8 23.h4 gxh4 24.Qxb7 f6 25.Qb3 Rab8 26.Qc2 Qxc3 27.Qxc3 Rxc3 28.Nf3 Rxf3
29.Bxf3 Rxb2+ 30.Kc1 Rxa2 31.Rh1 Ba4 32.Rdf1 Bc3 {#R} 0-1

[Event "It (open) \"]
[Site "masterchessopen.com Athens (Greece)"]
[Date "2012.05.16"]
[Round "4"]
[White "Ilandzis Spyridon (GRE)"]
[Black "Lappas Konstantinos (GRE)"]
[Result "1-0"]
[WhiteElo "2118"]
[BlackElo "2032"]

1.e4 c5 2.Nf3 d6 3.d4 cxd4 4.Nxd4 Nf6 5.Nc3 a6 6.Bg5 Nbd7 7.Bc4 Qb6 8.Bb3 e6
9.O-O Be7 10.Be3 Qc7 11.Bxe6 fxe6 12.Nxe6 Qc4 13.Nxg7+ Kf7 14.Nf5 Ne5 15.Nxe7
Kxe7 16.Bg5 Be6 17.f4 Nd7 18.e5 dxe5 19.fxe5 Qc5+ 20.Kh1 Qxe5 21.Qd2 Rhg8
22.Bh4 Rg4 23.Rae1 Qxc3 24.Qxc3 Rxh4 25.Qb3 Nc5 26.Rxe6+ Kd7 27.Rd1+ {#r} 1-0

[Event "Ch Catalunia (KO-system)"]
[Site "masterchessopen.com Barcelona (Spain)"]
[Date "2012.05.16"]
[Round "3"]
[White "Munoz Pantoja Miguel (ESP)"]
[Black "Asis Gargatagli Hipolit (ESP)"]
[Result "1-0"]
[WhiteElo "2494"]
[BlackElo "2470"]

1.e4 c5 2.Nf3 d6 3.d4 cxd4 4.Nxd4 Nf6 5.Nc3 a6 6.Bg5 Nbd7 7.Qd2 e6 8.f4 h6
9.Bxf6 Nxf6 10.O-O-O Qc7 11.Kb1 b5 12.Bd3 Be7 13.Qe3 b4 14.Nce2 Qc5 15.Qg3 O-O
16.e5 dxe5 17.fxe5 Nd7 18.Qf3 Ra7 19.Qe4 f5 20.exf6 Nxf6 21.Qg6 Rd8 22.Rhf1
Rc7 23.h4 Bd7 24.Nf4 {#r} 1-0

[Event "It (open)"]
[Site "masterchessopen.com Albena (Bulgaria)"]
[Date "2012.05.28"]
[Round "3"]
[White "Stachanczyk Jacek (POL)"]
[Black "Sadikhov Ulvi (AZE)"]
[Result "0-1"]
[WhiteElo "2243"]
[BlackElo "2164"]

1.e4 c5 2.Nf3 d6 3.d4 cxd4 4.Nxd4 Nf6 5.Nc3 a6 6.Bg5 Nbd7 7.f4 Qc7 8.Qf3 h6
9.Bxf6 Nxf6 10.e5 dxe5 11.Ndb5 axb5 12.Bxb5+ Bd7 13.O-O-O Bc6 14.fxe5 Nd7
15.e6 Bxf3 16.Rxd7 Qf4+ 17.Kb1 Bc6 18.Nd5 fxe6 {#R} 0-1

[Event "Ch Baden (open)"]
[Site "masterchessopen.com Emmendingen (Germany)"]
[Date "2012.06.08"]
[Round "6"]
[White "Sorokovski Jouri"]
[Black "Bodrozic Tomislav (GER)"]
[Result "0-1"]
[WhiteElo "2013"]
[BlackElo "2195"]

1.e4 c5 2.Nf3 d6 3.d4 cxd4 4.Nxd4 Nf6 5.Nc3 a6 6.Bg5 Nbd7 7.f4 Qc7 8.Qf3 h6
9.Bh4 g5 10.fxg5 hxg5 11.Bxg5 Qc5 12.Bxf6 Nxf6 13.Nf5 e6 14.Ng3 Nd7 15.O-O-O
Ne5 16.Qf6 Rh6 17.Qf4 Rg6 18.Kb1 Bd7 19.Be2 O-O-O 20.Rhf1 Bh6 21.Qf2 Be3
22.Qe1 Kb8 23.a3 Rc8 24.Bd3 Qb6 25.Na2 Bc5 26.Qc3 a5 27.Qb3 Qxb3 28.cxb3 Nxd3
29.Rxd3 Bb5 30.Rdf3 Bxf1 31.Rxf1 Rh8 {#R} 0-1

[Event "Ch Europe (schools) (under 17)"]
[Site "masterchessopen.com Kallithea (Greece)"]
[Date "2012.06.14"]
[Round "3"]
[White "Gulay Ayca Nuriye"]
[Black "Sumer Gun"]
[Result "0-1"]
[WhiteElo "1559"]
[BlackElo "1872"]

1.e4 c5 2.Nf3 d6 3.d4 cxd4 4.Nxd4 Nf6 5.Nc3 a6 6.Bg5 Nbd7 7.f4 Qc7 8.Qf3 h6
9.Bh4 g5 10.fxg5 hxg5 11.Bxg5 Qc5 12.Bxf6 Nxf6 13.Nf5 e6 14.Ng3 Qg5 15.Bd3 Ng4
16.h3 Ne5 17.Qf2 Rg8 18.Nce2 Bh6 19.Rd1 Bd7 20.c3 O-O-O 21.Bxa6 bxa6 22.Rxd6
Bc6 23.Rxd8+ Rxd8 24.O-O Rd2 25.Rb1 Qe3 26.Qxe3 Bxe3+ 27.Kh1 Bb5 28.Nd4 Bd3
29.Ra1 Rxb2 30.Nh5 Bxe4 {#R} 0-1

[Event "Memorial Acioli Borges (open)"]
[Site "masterchessopen.com Fortaleza (Brazil)"]
[Date "2012.06.23"]
[Round "4"]
[White "Paiva Lucas Daniel Bezerr"]
[Black "Lima Neto Pedro"]
[Result "0-1"]
[WhiteElo "1753"]
[BlackElo "2049"]

1.e4 c5 2.Nf3 d6 3.d4 cxd4 4.Nxd4 Nf6 5.Nc3 a6 6.Bg5 Nbd7 7.f4 Qc7 8.Qf3 h6
9.Bxf6 Nxf6 10.Nd5 Nxd5 11.exd5 g6 12.O-O-O Bg7 13.Qb3 Bd7 14.g3 Rc8 15.Bg2
Qc5 16.c3 Bxd4 17.Rxd4 Qxd4 {#R} 0-1

[Event "Ch Greece (juniors)"]
[Site "masterchessopen.com Achaea (Greece)"]
[Date "2012.06.27"]
[Round "5"]
[White "Moshou Alexia"]
[Black "Kafetzi Angeliki"]
[Result "0-1"]
[WhiteElo "1670"]
[BlackElo "1667"]

1.e4 c5 2.Nf3 d6 3.d4 cxd4 4.Nxd4 Nf6 5.Nc3 a6 6.Bg5 Nbd7 7.f4 h6 8.Bh4 Qb6
9.Rb1 e5 10.fxe5 dxe5 11.Nf5 g6 12.Bxf6 Nxf6 13.Ng3 Ng4 14.Qf3 Bb4 15.Ne2 Ne3
16.Kd2 Bg4 17.Qg3 Rd8+ 18.Kc1 Qc5 19.a3 Rd1+ 20.Nxd1 Qxc2# 0-1

[Event "Ch Paris (open) (a)"]
[Site "masterchessopen.com Paris (France)"]
[Date "2012.07.08"]
[Round "2"]
[White "Mehaibia Azzedine (ALG)"]
[Black "Rene Benoit (FRA)"]
[Result "1-0"]
[WhiteElo "2053"]
[BlackElo "2262"]

1.e4 c5 2.Nf3 d6 3.d4 cxd4 4.Nxd4 Nf6 5.Nc3 a6 6.Bg5 Nbd7 7.f4 Qc7 8.Qf3 h6
9.Bxf6 Nxf6 10.h3 e5 11.Nde2 b5 12.O-O-O Bb7 13.Ng3 Rc8 14.Bd3 Qa5 15.Kb1 Rxc3
16.bxc3 exf4 17.Nf5 g6 18.Rhe1 Qc7 19.Qxf4 gxf5 20.e5 Ne4 21.Bxe4 fxe4 22.exd6
Qd7 23.Qe5+ Qe6 24.d7+ {#r} 1-0

[Event "Ch Turkey (team)"]
[Site "masterchessopen.com Konya (Turkey)"]
[Date "2012.07.18"]
[Round "8"]
[White "Ozmen Mustafa Lutfi Poyraz (TUR)"]
[Black "Ererdem Gani Eren (TUR)"]
[Result "0-1"]
[WhiteElo "1692"]
[BlackElo "1963"]

1.e4 c5 2.Nf3 d6 3.d4 cxd4 4.Nxd4 Nf6 5.Nc3 a6 6.Bg5 Nbd7 7.Qd2 b5 8.f3 Bb7
9.O-O-O Rc8 10.Nb3 e6 11.Bf4 b4 12.Ne2 e5 13.Bg5 Qc7 14.Ng3 g6 15.Kb1 Be7
16.h4 h5 17.Bd3 a5 18.f4 a4 19.Nc1 a3 20.b3 d5 21.fxe5 Qxe5 22.c4 dxe4 23.Nxe4
Nxe4 24.Bxe4 Bxe4+ 25.Nd3 Bxg5 26.hxg5 Bxd3+ 27.Qxd3 Qb2# 0-1

[Event "It (open)"]
[Site "masterchessopen.com Vaujany (France)"]
[Date "2012.07.20"]
[Round "9"]
[White "Coppola Federico (ITA)"]
[Black "Neuhauser Salome (FRA)"]
[Result "0-1"]
[WhiteElo "1844"]
[BlackElo "2067"]

1.e4 c5 2.Nf3 d6 3.d4 cxd4 4.Nxd4 Nf6 5.Nc3 a6 6.Bg5 Nbd7 7.f4 g6 8.Qd2 Bg7
9.O-O-O Qc7 10.Be2 b5 11.Bf3 Bb7 12.Rhe1 O-O 13.e5 dxe5 14.fxe5 b4 15.Nb1 Bxf3
16.Nxf3 b3 17.axb3 Nc5 18.Nc3 Ng4 19.Bxe7 Qxe7 20.Nd5 Qe6 21.Qb4 Rfc8 22.Nb6
Rab8 23.Rd6 Qxd6 {#R} 0-1

[Event "It (open)"]
[Site "masterchessopen.com Tabor (Czech Republic)"]
[Date "2012.08.05"]
[Round "9"]
[White "Borkovec Milan (CZE)"]
[Black "Konvicka Martin (CZE)"]
[Result "1-0"]
[WhiteElo "2152"]
[BlackElo "1923"]

1.e4 c5 2.Nf3 d6 3.d4 cxd4 4.Nxd4 Nf6 5.Nc3 a6 6.Bg5 Nbd7 7.Bc4 Qa5 8.Qd2 b5
9.Bd5 Nxd5 10.Nxd5 Qxd2+ 11.Bxd2 Ra7 12.Nc6 Rb7 13.a4 e6 14.axb5 exd5 15.bxa6
Rxb2 16.O-O dxe4 17.a7 Nb6 18.Rfb1 Rxb1+ 19.Rxb1 Na8 20.Rb8 Kd7 21.Rxa8 Bb7
22.Ne5+ Ke7 23.Rb8 Bd5 24.c4 {#r} 1-0

[Event "Memorial J.Kochan (open) (b)"]
[Site "masterchessopen.com Koszalin (Poland)"]
[Date "2012.08.14"]
[Round "4"]
[White "Karwowski Kacper"]
[Black "Lisinski Henryk (POL)"]
[Result "1-0"]
[WhiteElo "1864"]
[BlackElo "1976"]

1.e4 c5 2.Nf3 d6 3.d4 cxd4 4.Nxd4 Nf6 5.Nc3 a6 6.Bg5 Nbd7 7.Bc4 Qa5 8.Qd2 e6
9.f3 Be7 10.O-O-O Qc5 11.Bxe6 fxe6 12.Nxe6 Qa5 13.Nxg7+ Kf7 14.Nf5 Bf8 15.Bh6
Ne5 16.Nxd6+ Bxd6 17.Qxd6 Be6 18.Nd5 Bxd5 19.Qxe5 Qxa2 20.Qc7+ Ke8 21.exd5
{#r} 1-0

[Event "It (open)"]
[Site "masterchessopen.com Vienna (Austria)"]
[Date "2012.08.17"]
[Round "5"]
[White "Rongitsch Thomas (AUT)"]
[Black "Fischer Andre Klaus (GER)"]
[Result "0-1"]
[WhiteElo "2066"]
[BlackElo "2244"]

1.e4 c5 2.Nf3 d6 3.d4 cxd4 4.Nxd4 Nf6 5.Nc3 a6 6.Bg5 Nbd7 7.Qd2 e6 8.O-O-O Qc7
9.f4 Be7 10.g4 h6 11.Bxf6 Nxf6 12.Be2 b5 13.Ndxb5 axb5 14.Nxb5 Qb6 15.Nxd6+
Bxd6 16.Bb5+ Qxb5 17.Qxd6 Nd7 {#R} 0-1

[Event "It (cat.1)"]
[Site "masterchessopen.com Satka (Russia)"]
[Date "2012.08.20"]
[Round "4"]
[White "Tsvetkov Pavel (RUS)"]
[Black "Khusnutdinov Rustam (KAZ)"]
[Result "0-1"]
[WhiteElo "2136"]
[BlackElo "2503"]

1.e4 c5 2.Nf3 d6 3.d4 cxd4 4.Nxd4 Nf6 5.Nc3 a6 6.Bg5 Nbd7 7.f4 Qc7 8.Qf3 h6
9.Bh4 g5 10.fxg5 hxg5 11.Bxg5 Qc5 12.Nf5 e6 13.Bxf6 Nxf6 14.Ng3 Qg5 15.Bd3 Bd7
16.O-O Bg7 17.Qf4 Qc5+ 18.Kh1 O-O-O 19.Rae1 Rxh2+ 20.Kxh2 Rh8+ {#R} 0-1

[Event "Memorial A.Rubinstein (open) (b)"]
[Site "masterchessopen.com Polanica Zdroj (Poland)"]
[Date "2012.08.24"]
[Round "7"]
[White "Mucha Piotr (POL)"]
[Black "Praczukowski Stanislaw (POL)"]
[Result "1-0"]
[WhiteElo "1952"]
[BlackElo "1816"]

1.e4 c5 2.Nf3 d6 3.d4 cxd4 4.Nxd4 Nf6 5.Nc3 a6 6.Bg5 Nbd7 7.f4 Qc7 8.Qf3 h6
9.Bxf6 Nxf6 10.f5 Qc5 11.O-O-O g5 12.g4 Bg7 13.h4 Nxg4 14.Qxg4 Bxd4 15.Nd5 Rb8
16.hxg5 e6 17.Nf6+ Bxf6 18.gxf6 exf5 19.Qg7 Rf8 20.Rxh6 Be6 21.Qxf8+ {#r} 1-0

[Event "Ch Europe (juniors) (under 18) (g)"]
[Site "masterchessopen.com Prague (Czech Republic)"]
[Date "2012.08.24"]
[Round "8"]
[White "Iwanow Anna (POL)"]
[Black "Drakaki Anna-Maria (GRE)"]
[Result "0-1"]
[WhiteElo "2186"]
[BlackElo "1834"]

1.e4 c5 2.Nf3 d6 3.d4 cxd4 4.Nxd4 Nf6 5.Nc3 a6 6.Bg5 Nbd7 7.f4 Qc7 8.Qf3 b5
9.O-O-O Bb7 10.a3 g6 11.g4 Bg7 12.Bg2 Qb6 13.Rhe1 e5 14.Nd5 Bxd5 15.exd5 O-O
16.Nc6 e4 17.Qh3 Rfe8 18.f5 Rac8 19.Qg3 Nxd5 20.Rxe4 Rxe4 21.Bxe4 Qxc6 22.Rxd5
Qc4 23.Qd3 Qa2 24.c3 Nc5 25.Qb1 Qc4 26.Rxc5 dxc5 27.fxg6 Qf1+ 28.Kc2 Qe2+
29.Kc1 Qe1+ {#R} 0-1

[Event "Tournamet (students)"]
[Site "masterchessopen.com Tijuca (Brazil)"]
[Date "2012.09.01"]
[Round "6"]
[White "De Paiva Pedro Henrique (BRA)"]
[Black "Alvarenga de Carvalho Miguel Angelo "]
[Result "1-0"]
[WhiteElo "2293"]
[BlackElo "2071"]

1.e4 c5 2.Nf3 d6 3.d4 cxd4 4.Nxd4 Nf6 5.Nc3 a6 6.Bg5 Nbd7 7.f4 Qc7 8.Qe2 e5
9.Nf5 h6 10.fxe5 dxe5 11.Bd2 b5 12.O-O-O Bb7 13.Be1 g6 14.Ne3 Nb6 15.Bh4 Bg7
16.Qf3 Nfd7 17.Bxb5 O-O 18.Bxd7 Nxd7 19.Ncd5 Bxd5 20.Nxd5 Qb7 21.Rhf1 Rab8
22.b3 f6 23.Ne7+ Kf7 24.Nxg6 {#r} 1-0

[Event "Ch Netherlands (open) (juniors) (under 16)"]
[Site "masterchessopen.com Borne (Netherlands)"]
[Date "2012.09.08"]
[Round "7"]
[White "Vos Tjark"]
[Black "Senders Mischa"]
[Result "0-1"]
[WhiteElo "2039"]
[BlackElo "2006"]

1.e4 c5 2.Nf3 d6 3.d4 cxd4 4.Nxd4 Nf6 5.Nc3 a6 6.Bg5 Nbd7 7.Bc4 Qb6 8.Bb3 e6
9.Qd2 Be7 10.O-O-O Nc5 11.f3 Bd7 12.g4 Qc7 13.Rhe1 b5 14.Nf5 exf5 15.exf5 Bc6
16.Bxf6 Nxb3+ 17.axb3 gxf6 18.Qxd6 Qxd6 19.Rxd6 Rc8 20.Rxf6 Kf8 21.Rxc6 Rxc6
22.Nd5 Bh4 23.Re4 h5 24.h3 hxg4 25.hxg4 Bf6 {#R} 0-1

[Event "Ch Germany (juniors) (Internet) (under 18) (qual4)"]
[Site "masterchessopen.com Internet"]
[Date "2012.09.12"]
[Round "6"]
[White "Will Dominik"]
[Black "Tsolakidou Stavroula"]
[Result "1-0"]
[WhiteElo "2041"]
[BlackElo "1790"]

1.e4 c5 2.Nf3 d6 3.d4 cxd4 4.Nxd4 Nf6 5.Nc3 a6 6.Bg5 Nbd7 7.f4 Qc7 8.Qf3 e5
9.Nf5 b5 10.O-O-O Bb7 11.g4 Rc8 12.Bd3 Qa5 13.Bxf6 Nxf6 14.g5 Nd7 15.Kb1 Nb6
16.fxe5 dxe5 17.Nd5 Bxd5 18.exd5 g6 19.Ne3 Na4 20.Rhf1 Rc7 21.Qf6 Re7 22.Qc6+
Rd7 23.Rxf7 Kxf7 24.Qxd7+ Kg8 25.Qe6+ Kg7 26.Qf6+ Kg8 27.Rf1 Bg7 28.Qf7# 1-0

[Event "It (cat.4)"]
[Site "masterchessopen.com Antwerpen (Belgium)"]
[Date "2012.09.16"]
[Round "3"]
[White "Van Overdam Julian (NED)"]
[Black "Maenhout Thibaut (BEL)"]
[Result "1-0"]
[WhiteElo "2277"]
[BlackElo "2365"]

1.e4 c5 2.Nf3 d6 3.d4 cxd4 4.Nxd4 Nf6 5.Nc3 a6 6.Bg5 Nbd7 7.f4 Qb6 8.Qd2 e6
9.O-O-O Be7 10.Kb1 h6 11.Bh4 Nxe4 12.Nxe4 Bxh4 13.Nf5 exf5 14.Nxd6+ Kf8 15.Qd5
Ne5 16.fxe5 Be6 17.Qxb7 Rb8 18.Qxb6 Rxb6 19.Bc4 Rxd6 20.exd6 Bxc4 21.Rd4 {#r}
1-0

[Event "It (open)"]
[Site "masterchessopen.com Livigno (Italy)"]
[Date "2012.09.17"]
[Round "9"]
[White "Marholev Dimitar (BUL)"]
[Black "Codenotti Marco (ITA)"]
[Result "0-1"]
[WhiteElo "2356"]
[BlackElo "2314"]

1.e4 c5 2.Nc3 a6 3.Nf3 d6 4.d4 cxd4 5.Nxd4 Nf6 6.Bg5 Nbd7 7.Qe2 b5 8.O-O-O Bb7
9.a3 e6 10.f4 h6 11.Bh4 Be7 12.f5 e5 13.Ne6 fxe6 14.fxe6 Nf8 15.Bxf6 Bxf6
16.Nxb5 Be7 17.Qc4 Rc8 18.Qa4 Bg5+ 19.Kb1 axb5 20.Qxb5+ Bc6 {#R} 0-1

[Event "It (cat.7)"]
[Site "masterchessopen.com Heviz (Hungary)"]
[Date "2012.09.23"]
[Round "1"]
[White "Bures Jaroslav (CZE)"]
[Black "Hoelzl Franz (AUT)"]
[Result "1-0"]
[WhiteElo "2381"]
[BlackElo "2321"]

1.e4 c5 2.Nf3 d6 3.d4 cxd4 4.Nxd4 Nf6 5.Nc3 a6 6.Bg5 Nbd7 7.f4 g6 8.Qf3 h6
9.Bxf6 Nxf6 10.f5 Bg7 11.Bc4 g5 12.O-O-O Qa5 13.Nd5 Nxd5 14.Bxd5 Bd7 15.Qh5
Rf8 16.Ne6 Bxe6 17.fxe6 O-O-O 18.exf7 Kb8 19.Qg6 Be5 20.Rd3 Qc5 21.Be6 Qf2
22.g4 Qg2 23.Rhd1 Qxh2 24.a4 Ka7 25.Kb1 Rh8 26.Qf5 Bf6 27.b3 Be5 28.a5 Qf4
29.Bd5 {#r} 1-0

[Event "It \"]
[Site "masterchessopen.com San Cristobal (Venezuela)"]
[Date "2012.09.28"]
[Round "7"]
[White "Ruiz C Joshua D (COL)"]
[Black "Vocaturo Daniele (ITA)"]
[Result "0-1"]
[WhiteElo "2315"]
[BlackElo "2534"]

1.e4 c5 2.Nf3 d6 3.d4 cxd4 4.Nxd4 Nf6 5.Nc3 a6 6.Bg5 Nbd7 7.Qe2 g6 8.O-O-O Bg7
9.g3 O-O 10.Bg2 Qa5 11.Be3 Ne5 12.h3 Qc7 13.f4 Nc4 14.Bf2 e5 15.Nb3 Be6
16.Rhf1 exf4 17.gxf4 Nxb2 18.Kxb2 Nd5 19.exd5 Qxc3+ 20.Kc1 Qb2+ 21.Kd2 Bf5
22.Rc1 Rfe8 23.Qc4 b5 24.Qc6 Rac8 {#R} 0-1

[Event "It (open)"]
[Site "masterchessopen.com Bogota (Colombia)"]
[Round "2"]
[White "Acuna Camilo (COL)"]
[Black "Barrientos Sergio (COL)"]
[Result "0-1"]
[WhiteElo "2078"]
[BlackElo "2454"]

1.e4 c5 2.Nf3 d6 3.d4 cxd4 4.Nxd4 Nf6 5.Nc3 a6 6.Bg5 Nbd7 7.f4 Qc7 8.Qf3 h6
9.Bh4 g5 10.fxg5 hxg5 11.Bxg5 Qc5 12.Bxf6 Nxf6 13.Nf5 Nxe4 14.Nxe4 Qxf5
15.Qxf5 Bxf5 16.Bd3 Bg6 17.O-O-O Bg7 18.Nf2 Bxd3 19.Nxd3 Kd7 20.h3 Rag8 21.g4
Rh4 22.Rdf1 Ke8 23.c3 Rgh8 24.Rf3 Rxg4 25.Kc2 Rg2+ 26.Kb3 Rh5 27.a4 Bh6
28.Rhf1 f6 29.Nf2 Rd5 30.Kc4 Rd2 31.b4 d5+ 32.Kc5 Rdxf2 {#R} 0-1

[Event "Ch India"]
[Site "masterchessopen.com Kolkata (India)"]
[Date "2012.10.05"]
[Round "5"]
[White "Phadke Sohan (IND)"]
[Black "Suvrajit Saha (IND)"]
[Result "0-1"]
[WhiteElo "2247"]
[BlackElo "2362"]

1.e4 c5 2.Nf3 d6 3.d4 cxd4 4.Nxd4 Nf6 5.Nc3 a6 6.Bg5 Nbd7 7.f4 Qc7 8.Qf3 h6
9.Bh4 g5 10.fxg5 hxg5 11.Bxg5 Qc5 12.Be3 Ne5 13.Qe2 Neg4 14.Bg1 Bh6 15.a3 Qg5
16.Nf3 Qa5 17.Nd2 Be6 18.O-O-O Rc8 19.Bd4 Rc4 20.Bxf6 Nxf6 21.Qd3 Rxc3 {#R}
0-1

[Event "Cup Copenhagen (cat.2)"]
[Site "masterchessopen.com Copenhagen (Denmark)"]
[Date "2012.10.18"]
[Round "3"]
[White "Haubro Martin (DEN)"]
[Black "Ninov Nikolai (BUL)"]
[Result "0-1"]
[WhiteElo "2151"]
[BlackElo "2507"]

1.e4 c5 2.Nf3 d6 3.d4 cxd4 4.Nxd4 Nf6 5.Nc3 a6 6.Bg5 Nbd7 7.f4 Qb6 8.Qd2 g6
9.O-O-O Bg7 10.Nf3 Nxe4 11.Qe1 Ndc5 12.Nd2 Bxc3 13.bxc3 Nxg5 14.Nc4 Qc7
15.Nxd6+ Kf8 16.fxg5 exd6 17.h4 Bf5 18.c4 Qe7 19.Qb4 Qe5 20.Kb1 Ne4 {#R} 0-1